| 000 | | | 03740nmc2a22002413x 450 |
| 001 | | | f136a8c1-b5dc-4794-9e92-47403757797a |
| 005 | | | 20240131144255.0 |
| 100 | ## | $a | 20231016l18271831k l0rusy0189 ca |
| 101 | 0# | $a | rus |
| 102 | ## | $a | RU |
| 105 | ## | $a | y### |
| 122 | 2# | $a | d |
| 200 | 1# | $a | Дело о лишении себя жизни (самоубийстве) секретаря Кушневского и описании оставшегося после него имущества и о прочем |
| | $j | 13 октября 1826 г. - 7 октября 1831 г. |
| 215 | ## | $a | 112 л. |
| | $d | 36,5х26 см |
| 251 | ## | $c | Дело |
| 300 | ## | $a | В инвентарной описи указан ошибочно 1826 год |
| 371 | ## | $a | Документ не является опубликованным и широко распространяемым |
| 461 | #0 | $1 | 001625a9a7e-a890-4307-a7fe-826a2289a412 |
| | $1 | 2001 |
| | $a | Гоф-интендантская контора МИДв |
| | $1 | 251 |
| | $c | Фонд |
| | $1 | 852 |
| | $j | 470 |
| 462 | #0 | $1 | 001ac6654ca-7351-4e58-8bc4-4bce26555f5e |
| | $1 | 2001 |
| | $a | О родившихся и умерших разных лицах, о выдаче пособий |
| | $1 | 251 |
| | $c | Опись |
| | $1 | 852 |
| | $j | 4 |
| | $l | 101-535 |
| 801 | #0 | $a | RU |
| | $b | РГИА |
| | $c | 20231016 |
| | $g | RCR |
| 801 | #1 | $a | RU |
| | $b | ГлавНИВЦ |
| | $c | 20231016 |
| | $2 | rusmarc |
| 801 | #2 | $a | RU |
| | $b | ПБ им. Б.Н. Ельцина |
| | $c | 20240131 |
| | $g | RCR |
| | $2 | rusmarc |
| 850 | ## | $a | РГИА |
| 852 | ## | $a | РГИА |
| | $e | Федеральное казенное учреждение "Российский государственный исторический архив" (РГИА) |
| | $j | 119 |
| 937 | ## | $h | РГИА |
| | $d | 12405865 |
| | $a | ASBIBLIO_SCAN |
| 035 | ## | $a | RusGRCC00066788 |
| 856 | ## | $u | http://readingroom.main.prlib.ru/item.aspx?id_node=n190729873&mode=full |